000 00468nam a2200157 4500
001 127019
003 ES-MaACL
007 t|
008 070214s1954 sp r ||||1| spa d
100 1 _aRibéreau-Gayon, J.
_996799
245 1 0 _aEnología
_b: transformaciones y tratamientos de los vinos /
_cJ. Ribéreau-Gayon.
250 _a1ª ed.
260 _aBarcelona [etc.] :
_bSalvat,
_c1954.
300 _aXXIII, 645 p. ;
_c23 cm.
852 _aES-MaACL
_jC-8014
_bR.36201
999 _c127019
_d127019